| 000 | 00752nam a22001817a 4500 | ||
|---|---|---|---|
| 999 |
_c235852 _d235852 |
||
| 008 | 201130b ||||| |||| 00| 0 eng d | ||
| 040 |
_bger _cDE-2950 _erda _aDE-2950 |
||
| 041 | _ager | ||
| 100 | _aLötsch, Stefan: | ||
| 245 |
_aBundesstraße wird Sackgasse. _bVerkehr: Von Neuzelle und von Frankfurt kommend ist die B112 vor Eisenhüttenstadt wegen Bauarbeiten gesperrt - es gibt eine gut und eine schlechte Nachricht / _cStefan Lötsch |
||
| 653 | _aStraßenbau | ||
| 653 | _aBundesstraße B112 | ||
| 773 |
_dFrankfurt (Oder): Märkisches Verlags- und Druckhaus GmbH & Co KG _g32. Jahrgang (2021) Nr. 148 vom 29.06.2021, S.16 : Foto _tMärkische Oderzeitung |
||
| 942 | _cA | ||